000 00658nab a2200157Ia 4500
003 ES-SlBCS
005 20210601133738.0
008 140529s2004 xxu||||| |||| 00| 0 por d
041 _apor
100 1 _aAlves Marques, Mara Rúbia
_9209116
245 0 0 _aO professor pedagogo e licenciado nos projetos de educaçao à distância da Faculdade de Educaçao da Universidade Federal de Uberlândia/UFU - 2000/2003
_c Mara Rúbia Alves Marques, Juliene S. Vasconcelos
650 0 4 _aEducación a Distancia
_9160980
700 1 _aVasconcelos, Juliene S.
_9209117
773 0 _tEducaçao e Filosofia
_gvol. 18, nº. 35-36, 2004, págs. 331-351
_wRev1534
942 _cAR
999 _c601446
_d601446